Dakota Fanning Movies Quiz Stats

 Plays Quiz Updated Dec 31, 2020

     
Support Sporcle.
Go Orange.
Score 0/39 Timer 05:00
0 Plays Today
Year Movie Title % Correct
2009New Moon
64.3%
2010The Twilight Saga: Eclipse
63.7%
2005War of the Worlds
50.4%
2001I Am Sam
47.8%
2003Uptown Girls
46.1%
2010The Runaways
44.4%
2019Once Upon a Time in Hollywood
42.8%
2012The Twilight Saga: Breaking Dawn Part 2
39%
2006Charlotte's Web
37.4%
2004Man on Fire
35.8%
2009Coraline
28.1%
2008The Secret Life of Bees
26.9%
2005Hide and Seek
25.1%
2009Push
23%
2018Ocean's Eight
22.8%
2003The Cat in the Hat
22.4%
2002Sweet Home Alabama
19.1%
2017Please Stand By
17.4%
2013Very Good Girls
17.3%
2007Hounddog
16%
Year Movie Title % Correct
2012The Twilight Saga: Breaking Dawn Part 1
15.8%
2014Effie Gray
15.8%
2016Brimstone
15.5%
2016American Pastoral
15.5%
2012Now Is Good
14.9%
2015The Benefactor
13.7%
2013Night Moves
13.6%
2012The Motel Life
13.2%
2013The Last of Robin Hood
12.8%
2005Dreamer: Inspired by a True Story
12.6%
2014Every Secret Thing
12.6%
2014Yellow Bird
12.5%
2019Sweetness in the Belly
11.3%
2020Viena and the Fantomes
9.9%
2002Trapped
7.8%
2005Nine Lives
6.4%
2002Hansel & Gretel
6.2%
2008Fragments
5.9%
2007Cutlass
5.8%

From the Vault

Geography by Numbers IV

by Flick

Sometimes you just have to play the numbers.
Remove Ads.
Support Sporcle.
Get the best of Sporcle when you Go Orange. This ad-free experience offers more features, more stats, and more fun while also helping to support Sporcle. Thank you for becoming a member.

Show Comments

Extras

Top Quizzes Today


Score Distribution

Your Account Isn't Verified!

In order to create a playlist on Sporcle, you need to verify the email address you used during registration. Go to your Sporcle Settings to finish the process.

Report this User

Report this user for behavior that violates our Community Guidelines.

Details: